01104nam a22002057a 450000500170000000800410001702000150005804000090007304100080008208200230009010000170011324500360013026000310016630000290019736500430022652005740026965000140084365000220085770000190087920220328150326.0220328b ||||| |||| 00| 0 eng d a8171675131 cAloy aeng 223a324.2092bDASS aSitanshu Das aSubhas: bA political biography aNew DelhibRupa & Coc2001 axi,634 p.bHBc23x16 cm. 2Political Scienceb595.00c₹d595.00 aSubhas Chandra Bose is one of India's most controversial leaders. He was one of the few Indian leaders to attempt to win freedom by force and was a constant thorn in the side of the British, as well as Mahatma Gandhi. A revolutionary in every sense of the word, Bose spent his life haunted by a call of duty and would meet his death in attempting to answer that call in his own indomitable way. Subhas: A Political Biography explores the ideology and politics of a passionate intellect who sacrificed everything in his effort to win freedom for his country at any cost. aBiography aPolitical Science aDAS (Sitanshu)